000
00271nam a2200133Ia 4500
100
_a
Smith/R.E
942
_c
BK
654
_a
Basic
245
_a
Discovering Basic
260
_b
Hayden Book Co.
_a
New Jersey
_c
1970
082
_a
1.6
300
_a
164
546
_a
ENGLISH
999
_c
25448
_d
25448